| 000 | 00672nam a22002297a 4500 | ||
|---|---|---|---|
| 001 | 001193 | ||
| 003 | DO-SdBNP | ||
| 005 | 20180216130010.0 | ||
| 007 | 0011937 | ||
| 008 | 161208b 1989 cu|||| |||| 00| 0 spa d | ||
| 040 |
_aBPMSU _bspa _cBPMSU |
||
| 100 | 1 | _aSilva Lee, Alfonso | |
| 245 | 1 |
_aConozca : _banimales de ayer / _cAlfonso Silva Lee ; ilustraciones Omar Moya Moya |
|
| 260 |
_aLa Habana, Cuba: _bGente Nueva, _c1992. |
||
| 300 |
_a38 p. : _bil., _c24 cm. |
||
| 490 | 1 | _aBiblioteca escolar | |
| 700 | 1 |
_aMoya Moya, Omar, _eil. |
|
| 830 | 0 | _aBiblioteca escolar | |
| 942 |
_2ddc _cBK |
||
| 945 | _aInventariado, 2018/MFF | ||
| 956 |
_aBTAVĂREZ _b10 _c20161208 _d0011937 |
||
| 999 |
_c12359 _d12359 |
||